Top 5 every NBA Position - Statistics

General Stats
  • This quiz has been taken 35 times
    8 since last reset
  • The average score is 16 of 25
Answer Stats
Hint Answer % Correct
Davidson Stephen Curry
100%
N/A Giannis Antetokounmpo
83%
Texas Kevin Durant
83%
N/A Lebron James
83%
N/A Nikola Jokic
83%
Kentucky Shai Gilgeous Alexander
83%
Kentucky Anthony Davis
67%
Georgia Anthony Edwards
67%
Wichita State Austin Reaves
67%
Oklahoma State Cade Cunningham
67%
Gonzaga Chet Holmgren
67%
Louisville Donovan Mitchell
67%
Cal Jaylen Brown
67%
Duke Jayson Tatum
67%
Kansas Joel Embiid
67%
N/A Luka Dončić
67%
N/A Victor Wembanyama
67%
Kentucky Devin Booker
50%
Gonzaga Domantis Sabonis
50%
Kentucky Karl Anthony Towns
50%
Villanova Mikal Bridges
50%
FSU Scottie Barnes
50%
Oklahoma Trae Young
50%
Duke Paolo Banchero
33%
N/A Alperen Sengun
17%
No matching quizzes found
Score Distribution
Percent of People with Each Score
Percentile by Number Answered
Your Score History
You have not taken this quiz since the last reset